Guía práctica de diseño digital /

Αποθηκεύτηκε σε:
Λεπτομέρειες βιβλιογραφικής εγγραφής
Κύριος συγγραφέας: Lewandowsky, Pina (autor)
Άλλοι συγγραφείς: Zeischegg, Francis (autor) (autor)
Μορφή: Βιβλίο
Γλώσσα:Ισπανικά
Έκδοση: Barcelona, España : Parramón, 2004, c2004
Θέματα:
Ετικέτες: Προσθήκη ετικέτας
Δεν υπάρχουν, Καταχωρήστε ετικέτα πρώτοι!

MARC

LEADER 00000nam^a2200000^a^4500
001 000180154
005 20250521000000.0
009 20260310101848.861
020 |a 84-342-2696-0 
037 |a Acervo ITESO - Biblioteca 
041 |a ESP 
082 |a 741. 60285  |b LEW 
100 |a Lewandowsky, Pina  |e (autor) 
245 1 0 |a Guía práctica de diseño digital /  |c P. Lewandowsky, F. Zeischegg ; tr. por Jorge Rizzo. 
246 2 |a Título en la cubierta: Guía práctica de diseño digital: método fácil para aprender a diseñar 
264 4 |a Barcelona, España :  |b Parramón,  |c 2004, c2004 
300 |a 256 p. 
336 |a texto  |b txt  |2 rdacontenido 
337 |a sin mediación  |b n  |2 rdamedio 
338 |a volumen  |b nc  |2 rdasoporte 
649 |a XX 
650 |a Diseño Asistido por Computadora 
650 |a Diseño Gráfico 
650 |a Comunicación Visual 
700 |a Zeischegg, Francis  |e (autor) 
910 |a Fondo General 
920 |a Impresos - Libros 
930 |a Colección General 
905 |a 101 
901 |a 0500119291  |b IT1  |c ACC  |u 20250521 
902 |a https://opac.biblio.iteso.mx/vufind/Record/000180154